000 00511nam a2200181Ia 4500
008 100920s9999 xx 000 0 und d
082 _b27975
_a6 थ 73
100 _aIndemnity Double.
245 _aThree Novels by James M. Cain.
260 _bBANTAM BOOKS, NEW YORK.
_c1973
300 _a399
_bसाधी
365 _b14.5
520 _aई.एल. एफ.
630 _aThree Novels by James M. Cain.
650 _aई.एल. एफ.
730 _aThree Novels by James M. Cain.
942 _cBOOK
999 _c684531
_d684528